LEADER 01311nam 2200325Ia 450 001 996388625003316 005 20221107143053.0 035 $a(CKB)1000000000637295 035 $a(EEBO)2240961016 035 $a(OCoLC)12254482 035 $a(EXLCZ)991000000000637295 100 $a19850711d1692 uy | 101 0 $aeng 135 $aurbn||||a|bb| 200 12$aA brief and true narrative of some remarkable passages relating to sundry persons afflicted by witchcraft at Salem village, which happened from the nineteenth of March to the fifth of April, 1692$b[electronic resource] /$fcollected by Deodat Lawson 210 $aBoston $cPrinted for Benjamin Harris, and are to be sold at his shop ...$d1692 215 $a10 p 300 $aReproduction of original in Massachusetts Historical Society Library. 330 $aeebo-0089 606 $aWitchcraft$zMassachusetts 615 0$aWitchcraft 700 $aLawson$b Deodat$01001884 801 0$bEAA 801 1$bEAA 801 2$bm/c 801 2$bWaOLN 906 $aBOOK 912 $a996388625003316 996 $aA brief and true narrative of some remarkable passages relating to sundry persons afflicted by witchcraft at Salem village, which happened from the nineteenth of March to the fifth of April, 1692$92358126 997 $aUNISA LEADER 01169nam a2200277 i 4500 001 991003679689707536 005 20021220115250.0 008 020611s1980 it ||| | eng 035 $ab11847360-39ule_inst 035 $aLE01313253$9ExL 040 $aDip.to Matematica$beng 082 0 $a515.353 084 $aAMS 35R35 110 2 $aIstituto nazionale di alta matematica Francesco Severi$0284877 245 10$aFree boundary problems :$bproceedings of a seminar held in Pavia, September-October 1979 /$cpref. Enrico Megenes 260 $aRoma :$b[s.n.],$c1980 (Bologna : Tecnoprint) 300 $a2 v. ;$c24 cm. 500 $aIn testa al front.: Istituto nazionale di alta matematica Francesco Severi 650 4$aBoundary value problems$xCongresses 700 1 $aMegenes, Enrico$eauthor$4http://id.loc.gov/vocabulary/relators/aut$0736147 907 $a.b11847360$b21-09-06$c20-12-02 912 $a991003679689707536 945 $aLE013 35R MEG11 (1980)$g1$i2013000131948$lle013$o-$pE0.00$q-$rl$s- $t0$u0$v0$w0$x0$y.i12099831$z20-12-02 996 $aFree boundary problems$91454567 997 $aUNISALENTO 998 $ale013$b01-01-02$cm$da $e-$feng$git $h0$i1